| 000 | 00770nam a2200205 a 4500 | ||
|---|---|---|---|
| 005 | 20240919063926.0 | ||
| 008 | 991125s1966 mx 000 0 spa u | ||
| 035 | _aUPN01000039402 | ||
| 049 | _aLTG | ||
| 050 | 4 |
_aLB1582 M6.3 _bM54 1966 LE |
|
| 245 | 0 | 0 |
_aMi libro y cuaderno de trabajo de tercer año : _bhistoria de Veracruz / _cAna Bertha Cuevas de Alvarez ... [et al.]. |
| 260 |
_aXalapa : _bGobierno del Estado de Veracruz, Dirección General de Educación Popular, _c1966 |
||
| 300 |
_a107 p. : _bil. |
||
| 500 | _aLibro de texto gratuito | ||
| 650 | 4 |
_aHistoria _xEstudio y enseñanza (Elemental) _92803 |
|
| 650 | 4 |
_aHistoria _vLibros de texto _96383 |
|
| 651 | 2 |
_aVeracruz _xHistoria _918975 |
|
| 700 | 1 |
_aCuevas de Alvarez, Ana Bertha, _ecoaut. |
|
| 905 | _aLibro | ||
| 999 |
_c39402 _d39402 |
||